000 01667nam a22004457a 4500
003 CHAP
005 20220817044127.0
008 060927d2005 mx abd r 00110 spa d
010 _a92811
011 _a93783
035 _a104364
040 _cCHAP
090 _aTesis
100 1 _aValenzo Inglés, César.
_9117472
245 1 0 _aCaracterización antagónica de Trichoderma spp., contra ocho hongos fitopatógenos
_c/por César Valenzo Inglés
260 _aCocula, Gro. :
_bEl autor,
_c2005
300 _a128 h. :
_bilus. ; gráfs. ; mapas ; cadros ; diagrama
502 _aTesis (Ing. Agr. Fitotecnista) -- Colegio Superior Agropecuario del Estado de Guerrero. Centro de Estudios Profesionales
590 _aALEPH
_b10
_c20130110
_lUCH01
_h1514
590 _aBATCH-UPD
_b10
_c20130110
_lUCH01
_h1104
590 _aBATCH-UPD
_b10
_c20130410
_lUCH01
_h0657
590 _aBATCH-UPD
_b10
_c20130914
_lUCH01
_h0302
590 _aCONVERSION
_b10
_c20130109
_lUCH01
_h1351
650 1 4 _aAlternaria solani.
650 1 4 _aAntagonismo (Microorganismos)
_96023
650 1 4 _aColletotrichum.
_925250
650 1 4 _aControl biológico de hongos.
_927580
650 1 4 _aFusarium oxysporum.
_944093
650 1 4 _aHongos fitopatógenos.
_956132
650 1 4 _aMacrophomina phaseolina.
650 1 4 _aPythium.
_993106
650 1 4 _aRhizoctonia solani.
_997134
650 1 4 _aSclerotium rolfsii.
_9103344
650 1 4 _aTrichoderma.
_9114923
901 _aBK
905 _aMarco A. Mendoza T.
942 _cFOLL
949 _aTesis
_bBC
_cTES
_d00000001043641
_eTS1
_gDonaciØn
_h45769
_i104364
_sb
949 _aTesis
_bBC
_cTES
_d33724002030413
_eTS2
_fc.2
_gDonaciØn
_h46725
_i104364
_si
999 _c92811
_d92811